000 00434pab a2200157 454500
008 180718b2006 xxu||||| |||| 00| 0 eng d
100 _aTalbot, Colin
245 _aModernising government: the way forward - a comment
260 _c2006
300 _ap.337-40.
362 _aSep
650 _aPublic administration
650 _aAdministrative reform
773 _aInternational Review of Administrative Sciences
909 _a71927
999 _c71927
_d71927